01153nam a22002777a 4500003000900000005001700009007000300026008003400029020001800063040002500081082001700106100004600123245007200169260005000241300002200291490002900313500007100342590002900413830003400442910001300476942001400489952011500503952012000618952012000738999001700858DO-SdBNP20211008154901.0ta210716b 2018 dr 00| 0 eng d a9789945608151 aDO-SdBNPbspacBNPHU 4aBNPHUbC828f1 aCortés Vélez, Dinorah, d1971-92841010aFugas de duermevela : bprosas heridas /cDinorah Cortés Vélez. aSan Juan, Puerto Rico : bIsla Negra, c2018. a116 p. ;c22 cm. 1 aEl rostro y la máscara aIncluye datos biográficos del autor en la solapa de la cubierta. aInventariado, 2021 /LP  0aEl rostro y la máscara9251 aLpérez 2ddccLBS1 00102ddc51718PDaBNPHUbPDcHDd2021-07-16eDepósito Legal l0p2021-25197r2021-07-16w2021-07-16yLFPD 00102ddc51728PDaBNPHUbPDcHDd2021-07-16eDepósito Legal l0p2021-25198r2021-07-16te.2w2021-07-16yLFPD 00102ddc56708DSaBNPHUbGRcHDd2021-07-16eDepósito Legal l0p2021-25199r2021-07-16te.3w2021-07-16yLFDS c50129d50129